| 000 | 01857cam a22005174a 4500 | ||
|---|---|---|---|
| 001 | 14651972 | ||
| 003 | OSt | ||
| 005 | 20140410091015.0 | ||
| 008 | 061130s2006 nyuab b 000 1 eng d | ||
| 010 | _a 2006286887 | ||
| 020 | _a0439841186 (pbk.) | ||
| 020 | _a1415689695 (BWI bdg.) | ||
| 020 | _a9780439841184 | ||
| 035 | _a(OCoLC)ocm71321070 | ||
| 035 | _a(OCoLC)71321070 | ||
| 040 |
_aBKX _cBKX _dBAKER _dDLC |
||
| 041 | 1 |
_aeng _hita |
|
| 042 |
_alcac _alccopycat |
||
| 050 | 0 | 0 |
_aPZ 7 _b.St857Ch 2006 |
| 082 | 0 | 0 | _a[Fic] |
| 100 | _aStilton, Geronimo | ||
| 130 | 0 |
_aFabbrica dei giocattoli. _lEnglish. _926244 |
|
| 245 | 1 | 4 |
_aThe Christmas toy factory / _cGeronimo Stilton |
| 260 |
_aNew York : _bScholastic, _cc2006. |
||
| 300 |
_a95 p. : _bcol. ill., col. maps ; _c20 cm. |
||
| 500 | _a"English translation...by Edizioni Piemme S.p.A."--T.p. verso. | ||
| 520 | _aGeronimo Stilton regrets that he is too busy to celebrate Christmas in New Mouse City and wishes he could fly to Santa's toy factory. | ||
| 521 | 0 | _aG3 | |
| 526 | _c540 | ||
| 562 | _eFor circulation. 1 copy in the collection | ||
| 650 | 0 |
_aStilton, Geronimo (Fictitious character) _vJuvenile fiction. _926245 |
|
| 650 | 0 |
_aChristmas stories. _93694 |
|
| 650 | 0 |
_aFactories _vJuvenile fiction. _926246 |
|
| 650 | 0 |
_aMice _vJuvenile fiction. _926247 |
|
| 650 | 1 |
_aMice _vFiction. _926248 |
|
| 650 | 1 |
_aChristmas _vFiction. _926249 |
|
| 650 | 1 |
_aFactories _vFiction. _926250 |
|
| 650 | 1 |
_aJournalists _vFiction. _926251 |
|
| 650 | 1 |
_aAdventure and adventurers _vFiction. _926252 |
|
| 650 | 1 |
_aHumorous stories. _93831 |
|
| 655 | 7 |
_aChristmas stories. _2lcsh _94331 |
|
| 906 |
_a7 _bcbc _ccopycat _d2 _encip _f20 _gy-gencatlg |
||
| 942 |
_2lcc _cBK |
||
| 999 |
_c34126 _d34126 |
||